Welcome to CU Library Online Public Access Catalogue (OPAC)

The role of the Supreme Court in the development of constitutional law in Ghana / (Record no. 150)

MARC details
000 -LEADER
fixed length control field 00785cam a2200217 a 4500
001 - CONTROL NUMBER
control field 16907662
005 - DATE AND TIME OF LATEST TRANSACTION
control field 20241023183901.0
008 - FIXED-LENGTH DATA ELEMENTS--GENERAL INFORMATION
fixed length control field 110808s2007 gh b 001 0 eng
020 ## - INTERNATIONAL STANDARD BOOK NUMBER
International Standard Book Number 9789988758622
020 ## - INTERNATIONAL STANDARD BOOK NUMBER
International Standard Book Number 9988758626
050 00 - LIBRARY OF CONGRESS CALL NUMBER
Classification number KRX3466
Item number .B56 2007
100 1# - MAIN ENTRY--PERSONAL NAME
Personal name Bimpong-Buta, S. Y.,
Dates associated with a name 1940-
245 14 - TITLE STATEMENT
Title The role of the Supreme Court in the development of constitutional law in Ghana /
Statement of responsibility, etc. by S.Y. Bimpong-Buta.
260 ## - PUBLICATION, DISTRIBUTION, ETC.
Place of publication, distribution, etc. Accra, Ghana :
Name of publisher, distributor, etc. Advanced Legal Publications,
Date of publication, distribution, etc. 2007.
300 ## - PHYSICAL DESCRIPTION
Extent xli, 665 p. ;
Dimensions 25 cm.
Other physical details index
500 ## - GENERAL NOTE
General note Originally published as the author's thesis (LL. D.)--University of South Africa, 2005.
650 #0 - SUBJECT ADDED ENTRY--TOPICAL TERM
Topical term or geographic name entry element Constitutional law
Geographic subdivision Ghana.
650 #0 - SUBJECT ADDED ENTRY--TOPICAL TERM
Topical term or geographic name entry element Constitutional history
Geographic subdivision Ghana.
650 #0 - SUBJECT ADDED ENTRY--TOPICAL TERM
Topical term or geographic name entry element Judicial review
Geographic subdivision Ghana.
942 ## - ADDED ENTRY ELEMENTS (KOHA)
Source of classification or shelving scheme Library of Congress Classification
Koha item type Books
Suppress in OPAC No
999 ## -
-- 150
-- 150
Holdings
Withdrawn status Lost status Source of classification or shelving scheme Damaged status Not for loan Collection Home library Current library Shelving location Date acquired Total checkouts Full call number Barcode Date last seen Copy number Price effective from Koha item type
    Library of Congress Classification     Non-fiction Law Library (Christ Temple) Law Library (Christ Temple) General stacks 11/20/2024   KRX3466.B56 BIM llct00000093 11/20/2024 1 11/20/2024 Books
    Library of Congress Classification     Non-fiction Law Library (Christ Temple) Law Library (Christ Temple) General stacks 11/20/2024   KRX3466.B56 BIM llct00000094 11/20/2024 2 11/20/2024 Books
    Library of Congress Classification     Non-fiction Law Library (Miotso) Law Library (Miotso) Reference 10/23/2024   KRX3466. B56 BIM LLM00000227 10/23/2024 1 10/23/2024 Books
© 2023-2024 Copyright: Central University Libraries. All Rights Reserved | Created by: Mahone Tech Office